Učitavanje...
FAO yearbook vol. 77. 1993 fishery statistics: commodities
| Format: | Printed Book |
|---|---|
| Jezik: | English |
| Izdano: |
Rome
Food and Agricultural Organization
1995
|
| Teme: |
| LEADER | 00478nam a2200145 a 4500 | ||
|---|---|---|---|
| 005 | 20151028162241.0 | ||
| 008 | 960221s1955 dcuabcdjdbkoqu001 0deng d | ||
| 003 | ViArRB | ||
| 082 | |a 664.94 | ||
| 245 | |a FAO yearbook vol. 77. 1993 fishery statistics: commodities | ||
| 653 | |a | ||
| 942 | |c BK |6 _ | ||
| 260 | |a Rome |b Food and Agricultural Organization |c 1995 | ||
| 999 | |c 78160 |d 78160 | ||
| 952 | |0 0 |1 0 |2 ddc |4 0 |6 66494_N5 |7 0 |9 91327 |a SOS |b SOS |d 0000-00-00 |o 664.94 N5 |p MS009884 |r 2013-06-14 |w 2009-07-13 |y BK | ||